| 000 | 00711nam a2200193 a 4500 | ||
|---|---|---|---|
| 008 | 200805s2018 ||||||||||||||||| || u | ||
| 020 | _a9781107016651 | ||
| 050 | _aQC 28 Jaf | ||
| 100 | _aJaffe, Robert L | ||
| 245 | 1 | 4 |
_aThe physics of energy _cBy Robert L. Jaffe; Washington Taylor |
| 260 |
_aCambridge _bCambridge University Press _c2018 |
||
| 300 | _axxx, 874 pages : illustrations | ||
| 650 | _aFORCE ENERGY | ||
| 650 | 0 | _aPHYSICS | |
| 650 | 0 | _aPOWER RESOURCES | |
| 650 | 0 | _aRENEWABLE ENERGY SOURCES | |
| 700 | _aTaylor, Washington | ||
| 995 |
_D76.41 _FCBU-MAIN LIBRARY (Kitwe) _M1 _UAVAILABLE _WAug 6, 2020 _ZMain Library Open Access Collection |
||
| 999 |
_c53614 _d53614 |
||